Fundamentals of Diagnostic Mycology/ (Record no. 9490)

MARC details
000 -LEADER
fixed length control field 00523nam a22001817a 4500
003 - CONTROL NUMBER IDENTIFIER
control field OSt
005 - DATE AND TIME OF LATEST TRANSACTION
control field 20241129175415.0
008 - FIXED-LENGTH DATA ELEMENTS--GENERAL INFORMATION
fixed length control field 241129b |||||||| |||| 00| 0 eng d
040 ## - CATALOGING SOURCE
Original cataloging agency DDC
Transcribing agency MUST
082 ## - DEWEY DECIMAL CLASSIFICATION NUMBER
Classification number 579.5 COO 2001.
100 ## - MAIN ENTRY--PERSONAL NAME
Personal name Fisher, Norman B.
9 (RLIN) 19342
245 ## - TITLE STATEMENT
Title Fundamentals of Diagnostic Mycology/
Statement of responsibility, etc. Norman B. Cook.
260 ## - PUBLICATION, DISTRIBUTION, ETC. (IMPRINT)
Name of publisher, distributor, etc. Fran Fisher MED MT (ASCP);
Date of publication, distribution, etc. 2001.
300 ## - PHYSICAL DESCRIPTION
Extent iv,135p.:
Other physical details ill.,
Dimensions 25cm.
504 ## - BIBLIOGRAPHY, ETC. NOTE
Bibliography, etc Includes Appendixes and References
650 ## - SUBJECT ADDED ENTRY--TOPICAL TERM
Topical term or geographic name as entry element Biology
9 (RLIN) 5602
942 ## - ADDED ENTRY ELEMENTS (KOHA)
Source of classification or shelving scheme Dewey Decimal Classification
Koha item type Open Shelf
Holdings
Withdrawn status Lost status Source of classification or shelving scheme Damaged status Not for loan Home library Current library Source of acquisition Inventory number Total Checkouts Full call number Barcode Date last seen Koha item type
    Dewey Decimal Classification     MUST Main Library MUST Main Library Purchase 24/42271   579.5 COO 2001. 2024-22586 29/11/2024 Open Shelf
    Dewey Decimal Classification     MUST Main Library MUST Main Library Purchase 24/42272   579.5 COO 2001. 2024-22587 29/11/2024 Open Shelf